| 000 | 00403 a2200157 4500 | ||
|---|---|---|---|
| 001 | 73765 | ||
| 082 | _a621.38415 ROD | ||
| 090 |
_c38994 _d38994 |
||
| 100 | _aRoden, Martin | ||
| 245 | _aAnalog and digital communication systam 4th Ed | ||
| 250 | _a4th | ||
| 260 |
_aNew Jersey _bPrentice Hall _c1996 |
||
| 300 |
_a560p. _bOrigenal |
||
| 500 | _aBE Textbook Avionics Dept | ||
| 600 | _aMartin S | ||
| 942 |
_aNUST CAE _k621.38415 ROD |
||
| 999 |
_c308838 _d308838 |
||